[Event "Titled Tuesday intern op 07th Feb Early"]
[Site "Chess.com INT"]
[Date "2023.02.07"]
[Round "4"]
[White "Alexakis, Dimitris"]
[Black "Senlle Caride, Miguel"]
[Result "0-1"]
[WhiteElo "2472"]
[BlackElo "2343"]
[PlyCount "114"]
[EventDate "2023.02.07"]
[EventType "swiss (blitz)"]
[EventRounds "11"]
[EventCountry "USA"]
[SourceTitle "EXT 2024"]
[Source "ChessBase"]
[SourceDate "2023.10.10"]
[SourceVersion "1"]
[SourceVersionDate "2023.10.10"]
[SourceQuality "1"]

1. e4 e5 2. Nf3 Nc6 3. d4 exd4 4. Nxd4 Bb4+ 5. c3 Bc5 6. Be3 Bb6 7. Na3 Nf6 8. Bd3 0-0 9. 0-0 Re8 10. Re1 d5 11. Nxc6 bxc6 12. exd5 Bxe3 13. fxe3 cxd5 14. b4 Ng4 15. h3 Ne5 16. Nc2 Qg5 17. Kh1 Qg3 18. Re2 Bg4 19. Qe1 Qxe1+ 20. Rexe1 Nxd3 21. hxg4 Nxe1 22. Rxe1 a5 23. b5 Re4 24. Rd1 Rd8 25. Kg1 Rxg4 26. Kf2 Rd6 27. Nd4 Rf6+ 28. Nf3 Ra4 29. Rxd5 Rxa2+ 30. Kg3 h6 31. Ne5 Rff2 32. Rd8+ Kh7 33. Rd7 Rxg2+ 34. Kf4 Raf2+ 35. Ke4 f5+ 36. Kd5 Rd2+ 37. Kc6 Rxd7 38. Nxd7 a4 39. Kxc7 a3 40. b6 Rb2 41. b7 Rxb7+ 42. Kxb7 a2 43. Nf8+ Kg8 44. Ng6 a1Q 45. Ne7+ Kf7 46. Nc6 Qxc3 47. Kc7 Qxe3 48. Kd6 Qe4 49. Nd8+ Kf6 50. Nc6 Qe6+ 51. Kc7 Qxc6+ 52. Kxc6 f4 53. Kd5 Kf5 54. Kd4 Kg4 55. Kd3 f3 56. Kd2 Kg3 57. Kc3 f2 0-1

[Event "Titled Tuesday intern op 07th Feb Early"]
[Site "Chess.com INT"]
[Date "2023.02.07"]
[Round "6"]
[White "Kamsky, Gata"]
[Black "Senlle Caride, Miguel"]
[Result "1-0"]
[WhiteElo "2664"]
[BlackElo "2343"]
[PlyCount "67"]
[EventDate "2023.02.07"]
[EventType "swiss (blitz)"]
[EventRounds "11"]
[EventCountry "USA"]
[SourceTitle "EXT 2024"]
[Source "ChessBase"]
[SourceDate "2023.10.10"]
[SourceVersion "1"]
[SourceVersionDate "2023.10.10"]
[SourceQuality "1"]

1. d4 Nf6 2. Bf4 e6 3. e3 d5 4. Nf3 Bd6 5. Bxd6 Qxd6 6. c4 c5 7. Nc3 Nc6 8. cxd5 exd5 9. Nb5 Qe7 10. dxc5 0-0 11. Rc1 Ne4 12. Be2 Be6 13. 0-0 Nxc5 14. Nbd4 Nxd4 15. Nxd4 Rac8 16. Bf3 Ne4 17. Qd3 Rxc1 18. Rxc1 Rc8 19. Rxc8+ Bxc8 20. Qb5 Qd7 21. Qd3 Nf6 22. Ne2 Qc7 23. Nc3 Be6 24. Qd4 Qa5 25. g4 h6 26. h4 Qd8 27. Kg2 Qe7 28. Qe5 Nd7 29. Qg3 Nb6 30. g5 hxg5 31. hxg5 Nc4 32. Nxd5 Qc5 33. Be4 Nd6 34. Qe5 1-0

[Event "Titled Tuesday intern op 07th Feb Early"]
[Site "Chess.com INT"]
[Date "2023.02.07"]
[Round "7"]
[White "Senlle Caride, Miguel"]
[Black "Galchenko, Matvey"]
[Result "0-1"]
[WhiteElo "2343"]
[BlackElo "2442"]
[PlyCount "22"]
[EventDate "2023.02.07"]
[EventType "swiss (blitz)"]
[EventRounds "11"]
[EventCountry "USA"]
[SourceTitle "EXT 2024"]
[Source "ChessBase"]
[SourceDate "2023.10.10"]
[SourceVersion "1"]
[SourceVersionDate "2023.10.10"]
[SourceQuality "1"]

1. e4 e6 2. d4 d5 3. e5 c5 4. c3 Qb6 5. Nf3 Nc6 6. Bd3 cxd4 7. 0-0 Bd7 8. Re1 Rc8 9. Nbd2 dxc3 10. bxc3 Bc5 11. Rb1 Qc7 0-1

[Event "Titled Tuesday intern op 09th Aug Early"]
[Site "Chess.com INT"]
[Date "2022.08.09"]
[Round "6"]
[White "Senlle Caride, Miguel"]
[Black "Golding, Alex"]
[Result "0-1"]
[WhiteElo "2343"]
[BlackElo "2312"]
[PlyCount "50"]
[EventDate "2022.08.09"]
[EventType "swiss (blitz)"]
[EventRounds "11"]
[EventCountry "USA"]
[SourceTitle "EXT 2023"]
[Source "ChessBase"]
[SourceDate "2022.10.05"]
[SourceVersion "1"]
[SourceVersionDate "2022.10.05"]
[SourceQuality "1"]

1. g3 e5 2. Bg2 d5 3. c4 d4 4. d3 Nc6 5. Nf3 f6 6. 0-0 Bc5 7. a3 a5 8. Bd2 Bd7 9. e3 Nge7 10. exd4 Nxd4 11. Nxd4 Bxd4 12. Nc3 Bc6 13. Qg4 0-0 14. Bh6 Rf7 15. Nd5 Nxd5 16. cxd5 Bxd5 17. Bxd5 Qxd5 18. Rac1 c6 19. b4 axb4 20. axb4 f5 21. Qg5 Ra2 22. Rb1 Qf3 23. Bxg7 Bxf2+ 24. Rxf2 Qxf2+ 25. Kh1 Qg2# 0-1

[Event "Titled Tuesday intern op 09th Aug Early"]
[Site "Chess.com INT"]
[Date "2022.08.09"]
[Round "4"]
[White "Senlle Caride, Miguel"]
[Black "Todorovic, Bojan"]
[Result "0-1"]
[WhiteElo "2343"]
[BlackElo "2176"]
[PlyCount "108"]
[EventDate "2022.08.09"]
[EventType "swiss (blitz)"]
[EventRounds "11"]
[EventCountry "USA"]
[SourceTitle "EXT 2023"]
[Source "ChessBase"]
[SourceDate "2022.10.05"]
[SourceVersion "1"]
[SourceVersionDate "2022.10.05"]
[SourceQuality "1"]

1. g3 g6 2. Bg2 Bg7 3. c4 Nf6 4. Nc3 0-0 5. Nf3 d6 6. d4 c6 7. 0-0 Qa5 8. Qc2 Qh5 9. Bg5 Bh3 10. Bxf6 Bxf6 11. d5 Nd7 12. e4 Rac8 13. Qd3 Bxg2 14. Kxg2 Nc5 15. Qe3 Bxc3 16. bxc3 cxd5 17. cxd5 b6 18. h4 Nd7 19. a4 Ne5 20. Nxe5 Qxe5 21. Rfc1 Rc4 22. f3 Rfc8 23. Ra3 f5 24. f4 Qxe4+ 25. Qxe4 Rxe4 26. a5 b5 27. Rb3 a6 28. Kf3 Rec4 29. Kg2 b4 30. Kf2 Rxc3 31. Rcxc3 bxc3 32. Rb1 c2 33. Rc1 Rc5 34. Ke3 Rxd5 35. Rxc2 Rxa5 36. Rc7 Kf7 37. g4 fxg4 38. f5 gxf5 39. h5 h6 40. Rxe7+ Kxe7 41. Kf4 Kf6 42. Kg3 Kg5 43. Kf2 Kf4 44. Ke2 Ke4 45. Kd2 d5 46. Kc2 d4 47. Kb2 f4 48. Kb3 Rb5+ 49. Kc4 d3 50. Kc3 g3 51. Kd2 f3 52. Kc3 f2 53. Kc4 f1Q 54. Kc3 Qc1# 0-1

[Event "Titled Tuesday intern op 09th Aug Early"]
[Site "Chess.com INT"]
[Date "2022.08.09"]
[Round "1"]
[White "Senlle Caride, Miguel"]
[Black "Uskov, Artem"]
[Result "0-1"]
[WhiteElo "2343"]
[BlackElo "2377"]
[PlyCount "152"]
[EventDate "2022.08.09"]
[EventType "swiss (blitz)"]
[EventRounds "11"]
[EventCountry "USA"]
[SourceTitle "EXT 2023"]
[Source "ChessBase"]
[SourceDate "2022.10.05"]
[SourceVersion "1"]
[SourceVersionDate "2022.10.05"]
[SourceQuality "1"]

1. g3 Nf6 2. Bg2 g6 3. Nf3 Bg7 4. 0-0 0-0 5. c4 d6 6. Nc3 Nc6 7. Rb1 a5 8. a3 Bf5 9. d3 e5 10. b4 axb4 11. axb4 Nd7 12. b5 Nd4 13. Nxd4 exd4 14. Ne4 Rb8 15. Bg5 Qc8 16. Qd2 Re8 17. Bh6 Bh8 18. Ra1 Ne5 19. Bg5 Bxe4 20. Bxe4 Nxc4 21. Qb4 Ne5 22. Rfc1 Qg4 23. Bf4 Qxe2 24. Bxe5 Bxe5 25. b6 c5 26. Qb5 Qg4 27. Bxb7 Rf8 28. Bg2 Qc8 29. b7 Qc7 30. Ra8 Kg7 31. Rca1 Bf6 32. Rxb8 Rxb8 33. Ra8 Be5 34. Rxb8 Qxb8 35. Qc6 d5 36. Qxd5 Qc7 37. Qc4 Bd6 38. Qa6 h5 39. Qa8 h4 40. Qc8 hxg3 41. hxg3 Kf6 42. Qg4 Ke7 43. Qf3 Kf8 44. Qd5 Kg7 45. Qc6 Qxc6 46. Bxc6 Kf6 47. Kg2 Bb8 48. Kf3 Ke5 49. Bb5 f5 50. Bc6 g5 51. Kg2 f4 52. gxf4+ Kxf4 53. f3 Ke3 54. Be4 c4 55. dxc4 d3 56. Bxd3 Kxd3 57. c5 Kd4 58. c6 Ke5 59. Kh3 Kf5 60. Kg2 Kf6 61. Kh3 Kf5 62. Kg2 Kf4 63. Kf2 Ke5 64. Ke3 Kd5 65. f4 gxf4+ 66. Kf3 Kxc6 67. Kg4 Kxb7 68. Kf3 Kc6 69. Kg2 Kd5 70. Kf1 Ke4 71. Kg2 f3+ 72. Kf1 Ke3 73. Ke1 f2+ 74. Kf1 Ba7 75. Kg2 Ke2 76. Kg3 f1Q 0-1

[Event "Titled Tuesday intern op 02nd Aug Early"]
[Site "Chess.com INT"]
[Date "2022.08.02"]
[Round "3"]
[White "Devaev, Alexander"]
[Black "Senlle Caride, Miguel"]
[Result "1-0"]
[WhiteElo "2325"]
[BlackElo "2343"]
[PlyCount "108"]
[EventDate "2022.08.02"]
[EventType "swiss (blitz)"]
[EventRounds "11"]
[EventCountry "USA"]
[SourceTitle "EXT 2023"]
[Source "ChessBase"]
[SourceDate "2022.10.05"]
[SourceVersion "1"]
[SourceVersionDate "2022.10.05"]
[SourceQuality "1"]

1. d4 c5 2. d5 Nf6 3. c4 b5 4. cxb5 a6 5. e3 g6 6. Nf3 Bg7 7. Nc3 0-0 8. bxa6 Qa5 9. Bd2 Bxa6 10. Bxa6 Qxa6 11. Qe2 d6 12. a4 Nbd7 13. Qxa6 Rxa6 14. Ke2 Nb6 15. e4 Rfa8 16. b3 Nxe4 17. Nxe4 Bxa1 18. Rxa1 Nxd5 19. Nc3 Nxc3+ 20. Bxc3 Rb8 21. Nd2 f6 22. f4 Kf7 23. Kd3 e6 24. g4 h5 25. gxh5 gxh5 26. Rg1 Rg8 27. Rxg8 Kxg8 28. Bxf6 Kf7 29. Bc3 d5 30. Nf3 Ra8 31. Ne5+ Ke7 32. a5 Kd6 33. Bd2 Rb8 34. Kc2 d4 35. Nf7+ Ke7 36. Ng5 Kd6 37. h4 Rf8 38. Kd3 e5 39. fxe5+ Kxe5 40. Kc4 Kd6 41. b4 Rc8 42. Ne4+ Ke5 43. Nxc5 Rg8 44. Bg5 Kd6 45. b5 Rc8 46. Bf4+ Ke7 47. Kxd4 Kf6 48. b6 Kf5 49. Bd6 Kg4 50. Be7 Re8 51. Bg5 Rb8 52. b7 Kf5 53. a6 Kg6 54. a7 Rxb7 1-0

[Event "Titled Tuesday intern op 02nd Aug Early"]
[Site "Chess.com INT"]
[Date "2022.08.02"]
[Round "5"]
[White "Senlle Caride, Miguel"]
[Black "Camacho Collados, Jose"]
[Result "0-1"]
[WhiteElo "2343"]
[BlackElo "2405"]
[PlyCount "28"]
[EventDate "2022.08.02"]
[EventType "swiss (blitz)"]
[EventRounds "11"]
[EventCountry "USA"]
[SourceTitle "EXT 2023"]
[Source "ChessBase"]
[SourceDate "2022.10.05"]
[SourceVersion "1"]
[SourceVersionDate "2022.10.05"]
[SourceQuality "1"]

1. g3 Nf6 2. Bg2 g6 3. c4 Bg7 4. Nc3 0-0 5. e4 d6 6. Nge2 c5 7. 0-0 Nc6 8. f4 Bg4 9. h3 Bxe2 10. Nxe2 Ne8 11. d3 Nc7 12. f5 Qd7 13. g4 b5 14. b3 Bxa1 0-1

[Event "Titled Tuesday intern op 02nd Aug Late"]
[Site "Chess.com INT"]
[Date "2022.08.02"]
[Round "2"]
[White "Senlle Caride, Miguel"]
[Black "Fonseca Manrique, Enrique"]
[Result "0-1"]
[WhiteElo "2343"]
[BlackElo "2169"]
[PlyCount "50"]
[EventDate "2022.08.02"]
[EventType "swiss (blitz)"]
[EventRounds "11"]
[EventCountry "USA"]
[SourceTitle "EXT 2023"]
[Source "ChessBase"]
[SourceDate "2022.10.05"]
[SourceVersion "1"]
[SourceVersionDate "2022.10.05"]
[SourceQuality "1"]

1. g3 Nf6 2. Bg2 d5 3. c4 c6 4. cxd5 cxd5 5. d4 Bf5 6. Nc3 e6 7. Bg5 Nbd7 8. Nf3 Be7 9. 0-0 0-0 10. Qd2 Rc8 11. Rac1 Qa5 12. Ne5 Nb6 13. Rfd1 Bb4 14. f3 Na4 15. Qf4 Nxb2 16. Nb1 Nxd1 17. Rxd1 Qxa2 18. Nd2 Qa4 19. Rf1 Rc2 20. Nb1 Rxe2 21. g4 Bg6 22. Bxf6 gxf6 23. Qxf6 Qc2 24. Nxg6 Rxg2+ 25. Kh1 Rxh2+ 0-1

[Event "Titled Tuesday intern op 02nd Aug Late"]
[Site "Chess.com INT"]
[Date "2022.08.02"]
[Round "5"]
[White "Senlle Caride, Miguel"]
[Black "Moreira, Ronaldo Alonso"]
[Result "1/2-1/2"]
[WhiteElo "2343"]
[BlackElo "2088"]
[PlyCount "77"]
[EventDate "2022.08.02"]
[EventType "swiss (blitz)"]
[EventRounds "11"]
[EventCountry "USA"]
[SourceTitle "EXT 2023"]
[Source "ChessBase"]
[SourceDate "2022.10.05"]
[SourceVersion "1"]
[SourceVersionDate "2022.10.05"]
[SourceQuality "1"]

1. g3 d5 2. Bg2 Nf6 3. c4 dxc4 4. Qc2 e6 5. Qxc4 Be7 6. Nf3 c5 7. 0-0 Nc6 8. Qc2 0-0 9. a3 Bd7 10. Nc3 Rc8 11. d3 a6 12. Bf4 b5 13. Ne5 Nxe5 14. Bxe5 Qb6 15. Ne4 Nxe4 16. Bxe4 Bc6 17. Bxc6 Rxc6 18. Rac1 Rfc8 19. h4 h6 20. Qd2 Rd8 21. Rc2 Bd6 22. Bxd6 Rcxd6 23. Rfc1 c4 24. Rc3 cxd3 25. Rxd3 Rxd3 26. exd3 Qd4 27. Rc6 Qxd3 28. Qxd3 Rxd3 29. Rxa6 Rb3 30. Ra8+ Kh7 31. Ra7 Kg6 32. Rb7 Rxb2 33. Kg2 Ra2 34. Rxb5 Rxa3 35. Rb6 Ra4 36. Kf3 Ra3+ 37. Kg2 Ra4 38. Kf3 Ra3+ 39. Kg2 1/2-1/2

[Event "Titled Tuesday intern op 26th Jul Early"]
[Site "Chess.com INT"]
[Date "2022.07.26"]
[Round "5"]
[White "Olivares Olivares, Claudio"]
[Black "Senlle Caride, Miguel"]
[Result "1-0"]
[WhiteElo "2343"]
[BlackElo "2343"]
[PlyCount "55"]
[EventDate "2022.07.26"]
[EventType "swiss (blitz)"]
[EventRounds "11"]
[EventCountry "USA"]
[SourceTitle "EXT 2023"]
[Source "ChessBase"]
[SourceDate "2022.10.05"]
[SourceVersion "1"]
[SourceVersionDate "2022.10.05"]
[SourceQuality "1"]

1. e4 c5 2. Nf3 e6 3. d4 cxd4 4. Nxd4 Nc6 5. Nc3 Qc7 6. Nxc6 dxc6 7. Bd3 e5 8. 0-0 Nf6 9. f4 Bd6 10. f5 b5 11. Kh1 a5 12. Qf3 h5 13. Bg5 Ba6 14. Rad1 Be7 15. Be3 Ng4 16. Bg1 Rd8 17. a4 Rxd3 18. cxd3 b4 19. Ne2 c5 20. b3 f6 21. Ng3 Kf7 22. Nxh5 Rxh5 23. Qxg4 Rh8 24. Rf3 Bf8 25. Rg3 Ke7 26. Rc1 Kd7 27. Bxc5 Rh7 28. Qg6 1-0

[Event "Titled Tuesday intern op 26th Jul Early"]
[Site "Chess.com INT"]
[Date "2022.07.26"]
[Round "3"]
[White "Ozer, Omer Faruk"]
[Black "Senlle Caride, Miguel"]
[Result "1-0"]
[WhiteElo "2317"]
[BlackElo "2343"]
[PlyCount "49"]
[EventDate "2022.07.26"]
[EventType "swiss (blitz)"]
[EventRounds "11"]
[EventCountry "USA"]
[SourceTitle "EXT 2023"]
[Source "ChessBase"]
[SourceDate "2022.10.05"]
[SourceVersion "1"]
[SourceVersionDate "2022.10.05"]
[SourceQuality "1"]

1. e4 e5 2. Nc3 Nc6 3. Bc4 Nf6 4. d3 d6 5. h3 Be7 6. f4 0-0 7. Nf3 Na5 8. f5 c6 9. Bb3 d5 10. Qe2 Bb4 11. Bg5 Nxb3 12. axb3 d4 13. Ra4 a5 14. Rxb4 axb4 15. Nd1 Qd6 16. 0-0 Nd7 17. Nf2 f6 18. Bc1 b5 19. g4 c5 20. g5 Ba6 21. Ng4 Kh8 22. Qf2 c4 23. Qh4 cxd3 24. g6 h6 25. Bxh6 1-0

[Event "Titled Tuesday intern op 19th Jul Early"]
[Site "Chess.com INT"]
[Date "2022.07.19"]
[Round "10"]
[White "Clawitter, Craig"]
[Black "Senlle Caride, Miguel"]
[Result "1-0"]
[WhiteElo "2050"]
[BlackElo "2343"]
[PlyCount "71"]
[EventDate "2022.07.19"]
[EventType "swiss (blitz)"]
[EventRounds "11"]
[EventCountry "USA"]
[SourceTitle "EXT 2023"]
[Source "ChessBase"]
[SourceDate "2022.10.05"]
[SourceVersion "1"]
[SourceVersionDate "2022.10.05"]
[SourceQuality "1"]

1. e4 c5 2. Nf3 d6 3. d4 cxd4 4. Nxd4 Nf6 5. Nc3 g6 6. Be3 Bg7 7. f3 0-0 8. Qd2 Nc6 9. Bc4 Nxd4 10. Bxd4 Be6 11. Bb3 a6 12. 0-0 b5 13. Nd5 Bxd5 14. exd5 a5 15. a3 Qc7 16. Rfe1 Rac8 17. Re2 Rfe8 18. Rae1 a4 19. Ba2 Qb7 20. c3 h6 21. h4 Kh7 22. g3 Nh5 23. Bxg7 Kxg7 24. Kh2 Rc7 25. Qd4+ Kg8 26. Bb1 Nf6 27. Be4 Rc4 28. Qd2 Rc5 29. Qxh6 Nxd5 30. Bxg6 fxg6 31. Qxg6+ Kh8 32. Qxe8+ Kg7 33. Rxe7+ Nxe7 34. Rxe7+ Qxe7 35. Qxe7+ Kg6 36. Qxd6+ 1-0

[Event "Titled Tuesday intern op 19th Jul Late"]
[Site "Chess.com INT"]
[Date "2022.07.19"]
[Round "5"]
[White "Senlle Caride, Miguel"]
[Black "Miszler, Levente"]
[Result "0-1"]
[WhiteElo "2343"]
[BlackElo "2243"]
[PlyCount "64"]
[EventDate "2022.07.19"]
[EventType "swiss (blitz)"]
[EventRounds "11"]
[EventCountry "USA"]
[SourceTitle "EXT 2023"]
[Source "ChessBase"]
[SourceDate "2022.10.05"]
[SourceVersion "1"]
[SourceVersionDate "2022.10.05"]
[SourceQuality "1"]

1. g3 Nf6 2. Bg2 g6 3. Nf3 Bg7 4. 0-0 0-0 5. d4 d6 6. c4 Nbd7 7. Nc3 e5 8. e4 h6 9. Be3 Ng4 10. Bd2 exd4 11. Ne2 c5 12. h3 Nge5 13. b4 Nxc4 14. Rc1 Nxd2 15. Qxd2 Rb8 16. bxc5 dxc5 17. Ne1 b6 18. Nd3 Bb7 19. Ndf4 Re8 20. Nd5 Nf6 21. Nxf6+ Bxf6 22. Qd3 Qe7 23. f3 Bg7 24. Nf4 g5 25. Nd5 Bxd5 26. exd5 Qe2 27. Qa6 d3 28. Rce1 Qxe1 29. Rxe1 Rxe1+ 30. Kf2 d2 31. Qxa7 Rbe8 32. Qxb6 R8e2# 0-1

[Event "Titled Tuesday intern op 19th Jul Early"]
[Site "Chess.com INT"]
[Date "2022.07.19"]
[Round "7"]
[White "Senlle Caride, Miguel"]
[Black "Musat, Adrian"]
[Result "0-1"]
[WhiteElo "2343"]
[BlackElo "2378"]
[PlyCount "58"]
[EventDate "2022.07.19"]
[EventType "swiss (blitz)"]
[EventRounds "11"]
[EventCountry "USA"]
[SourceTitle "EXT 2023"]
[Source "ChessBase"]
[SourceDate "2022.10.05"]
[SourceVersion "1"]
[SourceVersionDate "2022.10.05"]
[SourceQuality "1"]

1. g3 h5 2. h4 d5 3. Bg2 c6 4. c4 dxc4 5. Qc2 Nd7 6. a4 a5 7. Nf3 Ngf6 8. Qxc4 Nb6 9. Qc2 Bf5 10. d3 e6 11. Nc3 Qc7 12. Bf4 Bd6 13. Nb5 Bb4+ 14. Nc3 Qe7 15. 0-0 Bxc3 16. Qxc3 Nbd5 17. Qd2 Nxf4 18. Qxf4 Nd5 19. Qd2 Bg4 20. Ne5 Qf6 21. d4 Nb4 22. Rac1 Rd8 23. e3 Qxe5 24. Qc3 Qf6 25. Qc5 Nd3 26. Bxc6+ bxc6 27. Qxc6+ Kf8 28. Rc3 Bf3 29. Rxd3 Bxc6 0-1

[Event "Titled Tuesday intern op 19th Jul Late"]
[Site "Chess.com INT"]
[Date "2022.07.19"]
[Round "2"]
[White "Suder, Jakub"]
[Black "Senlle Caride, Miguel"]
[Result "1-0"]
[WhiteElo "2320"]
[BlackElo "2343"]
[PlyCount "61"]
[EventDate "2022.07.19"]
[EventType "swiss (blitz)"]
[EventRounds "11"]
[EventCountry "USA"]
[SourceTitle "EXT 2023"]
[Source "ChessBase"]
[SourceDate "2022.10.05"]
[SourceVersion "1"]
[SourceVersionDate "2022.10.05"]
[SourceQuality "1"]

1. d4 Nf6 2. c4 g6 3. Nc3 Bg7 4. e4 d6 5. Be2 0-0 6. Nf3 e5 7. 0-0 Nc6 8. d5 Ne7 9. Ne1 Ne8 10. f4 f5 11. fxe5 Bxe5 12. Nf3 Bg7 13. Kh1 fxe4 14. Nxe4 Nf6 15. Nxf6+ Rxf6 16. Bg5 Rf8 17. Qd2 Bg4 18. Qe3 Nf5 19. Qe6+ Kh8 20. Bxd8 Raxd8 21. Qe4 Bxf3 22. Bxf3 Rde8 23. Qd3 Bxb2 24. Rab1 Bd4 25. Be4 Bb6 26. Bxf5 gxf5 27. Rxf5 Rxf5 28. Qxf5 Re2 29. h3 Re1+ 30. Rxe1 Bf2 31. Qf8# 1-0

[Event "Titled Tuesday intern op 01st Feb-A"]
[Site "Chess.com INT"]
[Date "2022.02.01"]
[Round "11"]
[White "Senlle Caride, Miguel"]
[Black "Singh, Ojasva"]
[Result "1-0"]
[WhiteElo "2343"]
[BlackElo "2141"]
[PlyCount "51"]
[EventDate "2022.02.01"]
[EventType "swiss (blitz)"]
[EventRounds "11"]
[EventCountry "USA"]
[SourceTitle "CBM 206 Extra"]
[Source "ChessBase"]
[SourceDate "2022.03.31"]
[SourceVersion "1"]
[SourceVersionDate "2022.03.31"]
[SourceQuality "1"]

1. d4 d5 2. Nf3 Nf6 3. c4 c6 4. Nc3 e6 5. Bg5 h6 6. Bxf6 Qxf6 7. e3 Nd7 8. Bd3 g6 9. 0-0 Bg7 10. e4 0-0 11. cxd5 exd5 12. exd5 cxd5 13. Nxd5 Qd6 14. Qb3 Nf6 15. Bc4 Bg4 16. Ne5 Nxd5 17. Bxd5 Bxe5 18. dxe5 Qxe5 19. Rfe1 Qf6 20. Rac1 Rab8 21. Rc7 Kg7 22. Ree7 Rbd8 23. h3 Rxd5 24. Qxd5 Bf5 25. Qxb7 Qd4 26. Rxf7+ 1-0

[Event "Titled Tuesday intern op 23rd Nov"]
[Site "Chess.com INT"]
[Date "2021.11.23"]
[Round "9"]
[White "Senlle Caride, Miguel"]
[Black "Stoyanov, Tsvetan"]
[Result "0-1"]
[WhiteElo "2357"]
[BlackElo "2409"]
[PlyCount "98"]
[EventDate "2021.11.23"]
[EventType "swiss (blitz)"]
[EventRounds "11"]
[EventCountry "USA"]
[SourceTitle "CBM 205 Extra"]
[Source "ChessBase"]
[SourceDate "2022.01.31"]
[SourceVersion "1"]
[SourceVersionDate "2022.01.31"]
[SourceQuality "1"]

1. e4 c5 2. Nc3 Nc6 3. Bb5 Nd4 4. Nf3 Nf6 5. e5 Nxb5 6. Nxb5 Nd5 7. c4 Nc7 8. Nc3 g6 9. h4 h6 10. h5 g5 11. d4 cxd4 12. Nxd4 Bg7 13. f4 d6 14. fxg5 hxg5 15. Bxg5 dxe5 16. Ndb5 Qxd1+ 17. Rxd1 Ne6 18. Be3 a6 19. h6 axb5 20. hxg7 Rxh1+ 21. Kf2 Nxg7 22. Rxh1 bxc4 23. Rh8+ Kd7 24. Nd5 Rxa2 25. Nb6+ Ke6 26. Rxc8 Rxb2+ 27. Kf3 Nf5 28. Nxc4 Rb3 29. g4 Nd4+ 30. Ke4 Nc6 31. Rc7 Rb4 32. Kd3 e4+ 33. Kc3 Rb5 34. Nb6 Ne5 35. Rxb7 Nxg4 36. Bd4 f5 37. Rc7 f4 38. Nc8 e3 39. Rxe7+ Kd5 40. Rg7 Rb8 41. Nb6+ Rxb6 42. Bxb6 Ne5 43. Re7 Ng4 44. Bc7 f3 45. Kd3 f2 46. Rf7 Kc5 47. Ke2 Kd5 48. Bf4 Ke6 49. Rf8 Nf6 0-1

[Event "Figueira da Foz op 15th"]
[Site "Figueira da Foz"]
[Date "2021.11.07"]
[Round "9"]
[White "Senlle Caride, Miguel"]
[Black "Romanishin, Oleg M"]
[Result "0-1"]
[WhiteElo "2374"]
[BlackElo "2419"]
[PlyCount "80"]
[EventDate "2021.10.31"]
[EventType "swiss"]
[EventRounds "9"]
[EventCountry "POR"]
[SourceTitle "CBM 205 Extra"]
[Source "ChessBase"]
[SourceDate "2022.01.31"]
[SourceVersion "1"]
[SourceVersionDate "2022.01.31"]
[SourceQuality "1"]

1. e4 e5 2. Nf3 Nc6 3. Bc4 Nf6 4. d4 exd4 5. e5 Ne4 6. Qe2 Nc5 7. 0-0 Be7 8. Rd1 d5 9. exd6 Qxd6 10. b4 Ne6 11. b5 Na5 12. Ba3 Qb6 13. Bxe6 Bxe6 14. Bxe7 Kxe7 15. Nxd4 Rhd8 16. Qe3 c5 17. bxc6 Nxc6 18. Nxc6+ bxc6 19. Qg5+ Kf8 20. Nc3 h6 21. Qe5 Qb4 22. h3 Kg8 23. Rxd8+ Rxd8 24. Rb1 Qa3 25. Rb8 Rxb8 26. Qxb8+ Kh7 27. Qe5 Qc1+ 28. Kh2 Qxc2 29. Qe3 Bxa2 30. Qxa7 Qxc3 31. Qxa2 Qe5+ 32. Kg1 Qe1+ 33. Kh2 Qe5+ 34. Kg1 Qe1+ 35. Kh2 Qe6 36. Qc2+ g6 37. Qc5 Qd5 38. Qe7 c5 39. Qf6 Kg8 40. Kg3 h5 0-1

[Event "Figueira da Foz op 15th"]
[Site "Figueira da Foz"]
[Date "2021.11.04"]
[Round "6"]
[White "Senlle Caride, Miguel"]
[Black "Vasquez Schroder, Rodrigo Rafael"]
[Result "0-1"]
[WhiteElo "2374"]
[BlackElo "2467"]
[PlyCount "106"]
[EventDate "2021.10.31"]
[EventType "swiss"]
[EventRounds "9"]
[EventCountry "POR"]
[SourceTitle "CBM 205 Extra"]
[Source "ChessBase"]
[SourceDate "2022.01.31"]
[SourceVersion "1"]
[SourceVersionDate "2022.01.31"]
[SourceQuality "1"]

1. e4 e5 2. Nf3 Nc6 3. Bc4 Nf6 4. d4 exd4 5. e5 d5 6. Bb5 Ne4 7. Nxd4 Bd7 8. Bxc6 bxc6 9. 0-0 Bc5 10. f3 Ng5 11. f4 Ne4 12. Be3 Bb6 13. Nc3 Nxc3 14. bxc3 Qe7 15. Qd2 0-0 16. Rae1 Rfe8 17. Nb3 Bf5 18. Qf2 Qd7 19. Nc5 Bxc5 20. Bxc5 Re6 21. h3 Rg6 22. Kh2 Rh6 23. Re3 Rb8 24. Ba3 Rb6 25. Rg3 Rg6 26. Qc5 Qe8 27. Rxg6 hxg6 28. Rf2 Be4 29. Qe7 Qxe7 30. Bxe7 Ra6 31. a3 Ra4 32. g4 Rc4 33. f5 gxf5 34. gxf5 Rxc3 35. e6 f6 36. Bb4 Rxc2 37. Rxc2 Bxc2 38. Bc5 a6 39. Kg3 Bxf5 40. e7 Kf7 41. h4 Bd7 42. Kf4 Ke6 43. Ke3 Ke5 44. Kd3 Be8 45. Kc3 a5 46. Bg1 Kd6 47. Bh2+ Kxe7 48. Bxc7 c5 49. Bxa5 Kd6 50. Bd8 d4+ 51. Kc4 Bf7+ 52. Kb5 Kd5 53. Ba5 Be8+ 0-1

[Event "Figueira da Foz op 15th"]
[Site "Figueira da Foz"]
[Date "2021.11.02"]
[Round "4"]
[White "Loeffler, Stefan"]
[Black "Senlle Caride, Miguel"]
[Result "1/2-1/2"]
[WhiteElo "2317"]
[BlackElo "2374"]
[PlyCount "153"]
[EventDate "2021.10.31"]
[EventType "swiss"]
[EventRounds "9"]
[EventCountry "POR"]
[SourceTitle "CBM 205 Extra"]
[Source "ChessBase"]
[SourceDate "2022.01.31"]
[SourceVersion "1"]
[SourceVersionDate "2022.01.31"]
[SourceQuality "1"]

1. d4 Nf6 2. c4 e6 3. Nf3 d5 4. Bg5 dxc4 5. Qa4+ Nbd7 6. e4 Be7 7. Nbd2 0-0 8. Qxc4 c5 9. Rd1 cxd4 10. e5 Nd5 11. Bxe7 Qxe7 12. Qxd4 Nb4 13. Bd3 Nc5 14. Bxh7+ Kxh7 15. 0-0 Nd5 16. h4 Kg8 17. Rfe1 b6 18. b4 Nd7 19. Ng5 Qxb4 20. Nc4 Ba6 21. Qd3 N7f6 22. exf6 Nxf6 23. Rc1 Rac8 24. Qa3 Qxa3 25. Nxa3 Rxc1 26. Rxc1 Nd5 27. Rc6 Rd8 28. Nb1 Bb5 29. Rc1 Nf4 30. Kh2 f6 31. Ne4 Rd4 32. Rc8+ Kh7 33. Nbc3 Bd3 34. f3 Rd7 35. Nf2 Bf1 36. g3 Nd5 37. Nfe4 Nxc3 38. Rxc3 Rd3 39. Rc7 Rxf3 40. Rxa7 Bd3 41. Nd6 Bg6 42. a4 e5 43. Nc4 Rb3 44. g4 Rb4 45. Ne3 Be4 46. Kg3 Kg6 47. a5 b5 48. Ra6 Rb3 49. Kf2 Rb2+ 50. Ke1 Ra2 51. Nd1 Bf3 52. Nc3 Ra1+ 53. Kf2 Bxg4 54. Nxb5 Ra2+ 55. Kg3 Be2 56. Nc3 Bxa6 57. Nxa2 Kf5 58. Nb4 Bb7 59. a6 Ba8 60. a7 Ke4 61. Na6 f5 62. Nc7 Bb7 63. a8Q Bxa8 64. Nxa8 Ke3 65. Nb6 f4+ 66. Kg4 f3 67. Nd5+ Kd4 68. Ne7 f2 69. Nf5+ Kd3 70. Ng3 e4 71. h5 e3 72. Kf3 f1Q+ 73. Nxf1 e2 74. Kf2 exf1Q+ 75. Kxf1 Ke3 76. Kg2 Kf4 77. h6 1/2-1/2